000 00930cab a2200301 4500
001 ABS49220
008 090401t1993 xxu||||| |||| 00| 0 eng d
035 _a(Sirsi) u70387
041 _aeng
100 _aFordham, R.
245 _aPlanning gain in ten dimensions
260 _c1993
350 _a0
490 _aJournal of Planning and Environment Law
_vAugust 1993, 719-731(13)
520 _aSummarises arguments over, and developments in, the exercise of planning gain, a practice which has in recent years been affected by changes in statute and government advice.
650 _aBETTERMENT
650 _aCIRCULAR 16/91
650 _aCIRCULAR 22/83
650 _aCOMPENSATION
650 _aETHICS
650 _aGUIDANCE
650 _aPLANNING PERMISSION
650 _aPRICE
650 _aTOWN AND COUNTRY PLANNING ACT 1990
690 _aPLANNING LAW AND PRACTICE
942 _n0
948 _c04/03/1997
999 _c44259
_d44259